000
00298nam a22001337a 4500
008
170530b xxu||||| |||| 00| 0 eng d
020
_a
t 3219
041
_a
eng
080
_a
94(7/8)
100
_a
17
101
_a
SHH
245
_a
CONTEMPORARY ART IN LATING AMERICA
_c
CHASE,G
942
_2
udc
_c
BK
999
_c
15091
_d
15091